000 00813nam a2200265 a 4500
003 AR-BaBNM
005 20251128204126.0
008 082120s2002 ||||||||||||||000 | spa||
020 _a950-25-2667-8
040 _cAR-BaBNM
245 0 0 _aLas revistas literarias
_bselección de artículos
260 _aBuenos Aires
_bCentro Editor de América Latina
_c1993
300 _a145 p.
490 0 _aBiblioteca básica Argentina. Serie B
500 _aNotas por los profesores Héctor René Lafleur y Sergio D. Provenzano
650 4 _aLITERATURA ARGENTINA
650 4 _aANTOLOGIAS
650 4 _aHISTORIA CULTURAL
653 _aREVISTAS LITERARIAS
655 _aLITERATURA
700 1 _aLafleur, Héctor René
_ecompilador
700 1 _aProvenzano, Sergio D.
_ecompilador
942 _cBK
998 _cCarmen
999 _c6269
_d6269